GASTRO INTESTINAL PARASITES IN DOMESTIC CHICKEN AT PORIENG COMMUNE, PORIENG DISTRICT, PREY VENG PROVINCE. បរាសិតក្នុងប្រដាប់រំលាយអាហារមាន់នៅឃុំពោធិ៍រៀង ស្រុកពោធិ៍រៀង ខេត្តព្រៃវែង (Record no. 21658)

000 -LEADER
fixed length control field 00647nam a22001217a 4500
040 ## - CATALOGING SOURCE
Transcribing agency RUA
100 ## - MAIN ENTRY--AUTHOR NAME
Personal name NET DET. ណេត ដេត
245 ## - TITLE STATEMENT
Title GASTRO INTESTINAL PARASITES IN DOMESTIC CHICKEN AT PORIENG COMMUNE, PORIENG DISTRICT, PREY VENG PROVINCE. បរាសិតក្នុងប្រដាប់រំលាយអាហារមាន់នៅឃុំពោធិ៍រៀង ស្រុកពោធិ៍រៀង ខេត្តព្រៃវែង
260 ## - PUBLICATION, DISTRIBUTION, ETC. (IMPRINT)
Place of publication Phnom Penh
Name of publisher RUA
Year of publication 2020
300 ## - PHYSICAL DESCRIPTION
Number of Pages IX.34P
Other physical details VII.
Dimensions 29CM
856 ## - ELECTRONIC LOCATION AND ACCESS
Uniform Resource Identifier https://drive.google.com/file/d/1chl2f_OD_TKZ7VIWAF0XYSZxV4kK4RFe/view?usp=sharing
942 ## - ADDED ENTRY ELEMENTS (KOHA)
Koha item type VEM
952 ## - LOCATION AND ITEM INFORMATION (KOHA)
Withdrawn status [LOCAL, KOHA] 0
952 ## - LOCATION AND ITEM INFORMATION (KOHA)
Withdrawn status [LOCAL, KOHA] 0
952 ## - LOCATION AND ITEM INFORMATION (KOHA)
Withdrawn status [LOCAL, KOHA] 0
952 ## - LOCATION AND ITEM INFORMATION (KOHA)
Withdrawn status [LOCAL, KOHA] 0
952 ## - LOCATION AND ITEM INFORMATION (KOHA)
Withdrawn status [LOCAL, KOHA] 0
952 ## - LOCATION AND ITEM INFORMATION (KOHA)
Withdrawn status [LOCAL, KOHA] 0
Holdings
Permanent Location Date acquired Koha item type Lost status Shelving location Barcode Current Location Full call number
Library Block B2023-08-15VEM B1.602a074690Library Block BVEM NET 2020 B1.602 Or.
Library Block B2023-08-15VEM B1.602a073904Library Block BVEM NET 2020 B1.602 Or.
Library Block B2023-08-15VEM B1.602a073932Library Block BVEM NET 2020 B1.602 Or.
Library Block B2023-08-15VEM B1.602a073900Library Block BVEM NET 2020 B1.602 Or.
Library Block B2023-08-15VEM B1.602a073896Library Block BVEM NET 2020 B1.602 Or.
Library Block B2023-08-15VEM B1.602a073912Library Block BVEM NET 2020 B1.602 Or.
មជ្ឈមណ្ឌលឯការនៃសាកលវិទ្យាល័យភូមិន្ទកសិកម្មចំការដូង

Powered by Koha